000
00299nam a22001097a 4500
082
_a
620.0045 HAN'D
100
_a
DAVIDSON, A
_9
78974
245
_a
HANDBOOK OF PRECISION ENGINEERING VOLUME 3 FOR FABRICATION OF NON-METALS
260
_a
NEWYORK
_b
MCGRAW HILL
_c
1966
300
_a
IX, 270P
942
_c
BK
999
_c
584045
_d
584045